| 000 | 00506 a2200205 4500 | ||
|---|---|---|---|
| 005 | 20260213162924.0 | ||
| 008 | 260213b |||||||| |||| 00| 0 eng d | ||
| 020 |
_a9781639895106 _c$ 154.00 |
||
| 040 | _aMAIN | ||
| 082 |
_a572.8 _bK747T |
||
| 100 | _aKnight, Regan | ||
| 110 | _a | ||
| 245 | _aTextbook of bioinformatics | ||
| 260 |
_bStates Academic _c2022 _aBrooklyn |
||
| 300 | _aviii, 232 | ||
| 650 | _aMicrobiology | ||
| 650 | _aBiochemistry | ||
| 650 | _aMolecular Biology | ||
| 942 | _cBK | ||
| 999 |
_c395825 _d395825 |
||